| 000 | 00698npc a2200205Ia 4500 | ||
|---|---|---|---|
| 001 | db17-50944 | ||
| 003 | IT-MiCISF | ||
| 008 | 161014s9999||||xx | und|| | ||
| 040 |
_aIT-MiCISF _cIT-MiCISF |
||
| 041 | _ait | ||
| 100 | _aCasin Carlo | ||
| 245 | 0 |
_aIV Rapporto sull'attuazione della legge 40/2004 _bEsame e commento della relazione del ministro della salute relativa all'anno 2010. Presentato al Parlamento il 28 giugno 2012 |
|
| 250 | _a1a ed. | ||
| 260 |
_bMovimento per la Vita italiano _c2012 |
||
| 300 | _app. 14 | ||
| 500 | _a / procreazione-artificiale, bioetica, embrione, diagnosi-prenatale / | ||
| 650 | _aprocreazione | ||
| 942 | _cDD | ||
| 957 | _71 | ||
| 999 |
_a50944 _bsi _g1 _c208437 _d208437 |
||